<?xml version="1.0" encoding="UTF-8"?>
<record
    xmlns:xsi="http://www.w3.org/2001/XMLSchema-instance"
    xsi:schemaLocation="http://www.loc.gov/MARC21/slim http://www.loc.gov/standards/marcxml/schema/MARC21slim.xsd"
    xmlns="http://www.loc.gov/MARC21/slim">

  <leader>01136nam a22001577a 4500</leader>
  <controlfield tag="008">120614t        xxu||||| |||| 00| 0 eng d</controlfield>
  <datafield tag="020" ind1=" " ind2=" ">
    <subfield code="a">0273685694</subfield>
  </datafield>
  <datafield tag="050" ind1=" " ind2=" ">
    <subfield code="a">HF5718.B584</subfield>
  </datafield>
  <datafield tag="100" ind1=" " ind2=" ">
    <subfield code="a">Blundel, Richard</subfield>
  </datafield>
  <datafield tag="245" ind1=" " ind2=" ">
    <subfield code="a">Effective organizational communication: perspectives, principles and practices. /</subfield>
    <subfield code="c">Richard Blunder</subfield>
  </datafield>
  <datafield tag="260" ind1=" " ind2=" ">
    <subfield code="a">England:</subfield>
    <subfield code="b">Prentice,</subfield>
    <subfield code="c">2004.</subfield>
  </datafield>
  <datafield tag="300" ind1=" " ind2=" ">
    <subfield code="a">xxiii, 355 p.:</subfield>
    <subfield code="c">24cm.</subfield>
  </datafield>
  <datafield tag="500" ind1=" " ind2=" ">
    <subfield code="a">Includes index.</subfield>
  </datafield>
  <datafield tag="505" ind1=" " ind2=" ">
    <subfield code="a">Contents: Perspectives on communication -- Principles of communication: Breaking barriers: Communication  in practice -- Using words; verbal communication -- Making pictures : non-verbal communication -- Developing arguments: persuasive communication -- Securing feedback: interactive communicaton -- Making connections; organisational communication -- Communication in practice: Letters, e-mail and text messages -- Reports, briefing papers and summaries - Advertisements, promotions, news releases and exhibitions -- Interviews, questioning and listening -- Presentations and audio-visual technologies -- Meetings, teams and  negotiations -- Communication in perspective.</subfield>
  </datafield>
  <datafield tag="942" ind1=" " ind2=" ">
    <subfield code="2">lcc</subfield>
    <subfield code="c">BK</subfield>
  </datafield>
  <datafield tag="999" ind1=" " ind2=" ">
    <subfield code="c">1321</subfield>
    <subfield code="d">8821</subfield>
  </datafield>
  <datafield tag="952" ind1=" " ind2=" ">
    <subfield code="0">0</subfield>
    <subfield code="1">0</subfield>
    <subfield code="2">lcc</subfield>
    <subfield code="4">0</subfield>
    <subfield code="7">0</subfield>
    <subfield code="a">WIUC-1</subfield>
    <subfield code="b">WIUC-1</subfield>
    <subfield code="c">GEN</subfield>
    <subfield code="d">2012-06-14</subfield>
    <subfield code="l">0</subfield>
    <subfield code="o">HF5718.B584</subfield>
    <subfield code="p">3559/12</subfield>
    <subfield code="r">2012-06-14 00:00:00</subfield>
    <subfield code="t">1</subfield>
    <subfield code="w">2012-06-14</subfield>
    <subfield code="y">BK</subfield>
  </datafield>
  <datafield tag="952" ind1=" " ind2=" ">
    <subfield code="0">0</subfield>
    <subfield code="1">0</subfield>
    <subfield code="2">lcc</subfield>
    <subfield code="4">0</subfield>
    <subfield code="7">0</subfield>
    <subfield code="a">WIUC-1</subfield>
    <subfield code="b">WIUC-1</subfield>
    <subfield code="c">GEN</subfield>
    <subfield code="d">2012-06-14</subfield>
    <subfield code="l">0</subfield>
    <subfield code="o">HF5718.B5841</subfield>
    <subfield code="p">3560/12</subfield>
    <subfield code="r">2012-06-14 00:00:00</subfield>
    <subfield code="t">2</subfield>
    <subfield code="w">2012-06-14</subfield>
    <subfield code="y">BK</subfield>
  </datafield>
  <datafield tag="952" ind1=" " ind2=" ">
    <subfield code="0">0</subfield>
    <subfield code="1">0</subfield>
    <subfield code="2">lcc</subfield>
    <subfield code="4">0</subfield>
    <subfield code="7">0</subfield>
    <subfield code="a">WIUC-1</subfield>
    <subfield code="b">WIUC-1</subfield>
    <subfield code="c">GEN</subfield>
    <subfield code="d">2012-06-14</subfield>
    <subfield code="l">0</subfield>
    <subfield code="o">HF5718.B5842</subfield>
    <subfield code="p">3561/12</subfield>
    <subfield code="r">2012-06-14 00:00:00</subfield>
    <subfield code="t">3</subfield>
    <subfield code="w">2012-06-14</subfield>
    <subfield code="y">BK</subfield>
  </datafield>
</record>
